000 00538nam a2200145 a 4500
008 120416s0000 ||||||||||||||||| || u
020 _a0500279454
050 _aNA 4800 Mai
100 _aMainstone, Rowland J
245 1 0 _aHagia Sophia
246 _aArchitecture, structure and liturgy of Justimiaws Great Church
260 _aLondon
_bThames & Hudson
_c1997
350 _a0.00
995 _D0.00
_FCBU-MAIN LIBRARY (Kitwe)
_H1
_I24.95
_M1
_UAVAILABLE
_ZMain Library Open Access Collection
999 _c45212
_d45212